| 000 | 00381nam a22001457a 4500 | ||
|---|---|---|---|
| 082 |
_a891.439 _bSIR |
||
| 100 |
_aAli farooq _946073 |
||
| 245 |
_aPakistani Adab _bFarooq ali. |
||
| 250 | _a1st ed. | ||
| 260 |
_aRawalpindi. _bFederal gov sir syed college |
||
| 300 |
_a792 p. _bill. _c24 cm. |
||
| 526 |
_a0 _b0 _c0 _d891_439000000000000_SIR |
||
| 650 |
_aMCE _9379 |
||
| 942 |
_2ddc _cBK |
||
| 999 |
_c549419 _d549419 |
||